<?xml version="1.0" encoding="UTF-8"?>
<record
    xmlns:xsi="http://www.w3.org/2001/XMLSchema-instance"
    xsi:schemaLocation="http://www.loc.gov/MARC21/slim http://www.loc.gov/standards/marcxml/schema/MARC21slim.xsd"
    xmlns="http://www.loc.gov/MARC21/slim">

  <leader>02962nam a2200289 a 4500</leader>
  <controlfield tag="003">OSt</controlfield>
  <controlfield tag="005">20251029104734.0</controlfield>
  <controlfield tag="007">cr ||||||a|c|a</controlfield>
  <controlfield tag="008">230606s2019    mx a|||fom||| 001 0 spa d</controlfield>
  <datafield tag="040" ind1=" " ind2=" ">
    <subfield code="e">rda</subfield>
  </datafield>
  <datafield tag="100" ind1="1" ind2=" ">
    <subfield code="9">187357</subfield>
    <subfield code="a">Mart&#xED;nez Mart&#xED;nez, Victoria</subfield>
  </datafield>
  <datafield tag="245" ind1="1" ind2="0">
    <subfield code="a">Tecomatl&#xE1;n, un modelo de desarrollo social /</subfield>
    <subfield code="c">por Victoria Mart&#xED;nez Mart&#xED;nez; director de tesis Abel Per&#xE9;z Zamorano.</subfield>
  </datafield>
  <datafield tag="264" ind1=" " ind2="1">
    <subfield code="a">Chapingo, M&#xE9;xico :</subfield>
    <subfield code="b">El autor,</subfield>
    <subfield code="c">2019.</subfield>
  </datafield>
  <datafield tag="300" ind1=" " ind2=" ">
    <subfield code="a">1 recurso en l&#xED;nea ( 112 p&#xE1;ginas):</subfield>
    <subfield code="b">gr&#xE1;ficas, cuadros, imagenes.</subfield>
  </datafield>
  <datafield tag="336" ind1=" " ind2=" ">
    <subfield code="2">rdacontent</subfield>
    <subfield code="a">texto</subfield>
    <subfield code="b">txt</subfield>
  </datafield>
  <datafield tag="337" ind1=" " ind2=" ">
    <subfield code="2">rdamedia</subfield>
    <subfield code="a">computadora</subfield>
    <subfield code="b">c</subfield>
  </datafield>
  <datafield tag="338" ind1=" " ind2=" ">
    <subfield code="2">rdacarrier</subfield>
    <subfield code="a">recurso en l&#xED;nea</subfield>
    <subfield code="b">cr</subfield>
  </datafield>
  <datafield tag="502" ind1=" " ind2=" ">
    <subfield code="b">MCEARN</subfield>
    <subfield code="c">DICEA</subfield>
    <subfield code="d">2019.</subfield>
    <subfield code="g">LIC</subfield>
  </datafield>
  <datafield tag="504" ind1=" " ind2=" ">
    <subfield code="a">Incluye referencias bibliogr&#xE1;ficas: p&#xE1;ginas 115-121.</subfield>
  </datafield>
  <datafield tag="520" ind1=" " ind2=" ">
    <subfield code="a">El objetivo de esta investigaci&#xF3;n fue identificar, c&#xF3;mo se desarroll&#xF3; la comunidad de Tecomatl&#xE1;n, Puebla en un periodo de 1990 a 2015. Se emple&#xF3; el M&#xE9;todo Comparativo Orientado a Casos, se hicieron dos an&#xE1;lisis con quince indicadores; comparaci&#xF3;n de la situaci&#xF3;n de la Mixteca Poblana con el estado de Puebla y el an&#xE1;lisis de la comparaci&#xF3;n de los indicadores entre los 45 municipios. Las estad&#xED;sticas se tomaron principalmente de: INEGI, CONEVAL, INAFED, PNUD, SNIM, SEP, OCDE, CEPAL, tambi&#xE9;n se hicieron estudios de campo: encuestas y entrevistas. De los 45 municipios, el m&#xE1;s desarrollado fue Tecomatl&#xE1;n: IDH (0.669), &#xED;ndice de ingreso (0.79), &#xED;ndice de educaci&#xF3;n (0.595), adem&#xE1;s de contar con obras de impacto social; unidad deportiva, casa de cultura, 2 auditorios, casa del estudiante para mil estudiantes, educaci&#xF3;n de todos los niveles de tiempo completo y Espartaqueada nacional de matem&#xE1;ticas. A nivel estatal ocupa el lugar 17 en &#xED;ndice de desarrollo humano de los 217 municipios del estado. Lo superan apenas 16: ocho de la regi&#xF3;n Angel&#xF3;polis: Puebla 0.79, San Pedro Cholula 0.77, Cuautlancingo 0.77, San Andr&#xE9;s Cholula 0.75, San Mart&#xED;n Texmelucan 0.73, San Miguel Xoxtla 0.733, Amozoc 0.71 y Huejotzingo 0.709, tres de la Sierra Nororiental: Zaragoza 0.75, Teteles de &#xC1;vila de Castillo 0.74 y Teziutl&#xE1;n 0.748, tres de valle de Atlixco y Matamoros: Atlixco 0.738, San Gregorio Atzompa 0.728 e Iz&#xFA;car de Matamoros 0.70; Tehuac&#xE1;n 0.721 y Juan Galindo (0.713) de la Sierra Norte. A nivel nacional ocupa el lugar 659 de 2457 municipios. Se identific&#xF3; a la organizaci&#xF3;n social &#x201C;Antorcha Campesina&#x201D;, como impulsora del desarrollo. Los municipios que tiende a alcanzar el nivel de desarrollo de Tecomatl&#xE1;n son: Ixcaquixtla Acatl&#xE1;n de Osorio y Coyotepec.</subfield>
  </datafield>
  <datafield tag="650" ind1=" " ind2="4">
    <subfield code="9">90522</subfield>
    <subfield code="a">Pol&#xED;tica econ&#xF3;mica</subfield>
    <subfield code="x">Puebla</subfield>
  </datafield>
  <datafield tag="650" ind1=" " ind2="4">
    <subfield code="9">32044</subfield>
    <subfield code="a">Desarrollo de la comunidad rural</subfield>
    <subfield code="z">Puebla</subfield>
  </datafield>
  <datafield tag="650" ind1=" " ind2="2">
    <subfield code="9">132327</subfield>
    <subfield code="a">Familia</subfield>
    <subfield code="x">Calidad de vida</subfield>
  </datafield>
  <datafield tag="700" ind1="1" ind2=" ">
    <subfield code="9">90112</subfield>
    <subfield code="a">P&#xE9;rez Zamorano, Abel</subfield>
    <subfield code="e">director.</subfield>
  </datafield>
  <datafield tag="856" ind1=" " ind2=" ">
    <subfield code="u">http://10.13.5.2/tesis/tm/Martinez_Martinez_Victoria.pdf</subfield>
    <subfield code="z">DESCARGAR PDF</subfield>
  </datafield>
  <datafield tag="942" ind1=" " ind2=" ">
    <subfield code="2">Clasificaci&#xF3;n Universidad Aut&#xF3;noma Chapingo</subfield>
    <subfield code="c">TD</subfield>
  </datafield>
  <datafield tag="999" ind1=" " ind2=" ">
    <subfield code="c">218918</subfield>
    <subfield code="d">218918</subfield>
  </datafield>
  <datafield tag="952" ind1=" " ind2=" ">
    <subfield code="0">0</subfield>
    <subfield code="1">0</subfield>
    <subfield code="2">local</subfield>
    <subfield code="4">0</subfield>
    <subfield code="5">1</subfield>
    <subfield code="7">0</subfield>
    <subfield code="8">TesDigM</subfield>
    <subfield code="a">BD</subfield>
    <subfield code="b">BD</subfield>
    <subfield code="c">E_L</subfield>
    <subfield code="d">2023-06-06</subfield>
    <subfield code="l">0</subfield>
    <subfield code="o">Tesis digital</subfield>
    <subfield code="r">2023-06-06 00:00:00</subfield>
    <subfield code="w">2023-06-06</subfield>
    <subfield code="y">TD</subfield>
  </datafield>
</record>
